000 01107nam a2200289 i 4500
001 582
003 KOSZ 005
005 20201009145522.0
008 040416s1975 pl a f f |000 0 pol
015 _aPB 1975/8099
040 _aWA N
_cWA N
_dKOSZ 005/HR
041 0 _apol
080 _a662.6
080 _a(075.8)
100 1 _aSzargut, Jan
_d(1923-2017)
_eAutor
245 1 0 _aGospodarka cieplna :
_bprzewodnik metodyczny dla studentów wyższych studiów technicznych dla pracujących /
_cJan Szargut Politechnika Śląska im. W. Pstrowskiego.
260 _aGliwice :
_bPŚ,
_c1975.
300 _a50, [1] s. :
_bil., tab., wykr. ;
_c25 cm.
490 1 _aSkrypty Centralne Studiów Technicznych dla Pracujących ;
_vnr 555/5.
650 4 _aCiepło
650 4 _aGospodarka
655 4 _aPodręczniki akademickie
658 _aInżynieria i technika
830 0 _aSkrypty Centralne Wyższych Studiów Technicznych dla Pracujących,
_vnr 555/5.
856 _uhttp://koha.tu.koszalin.pl/cgi-bin/koha/opac-detail.pl?biblionumber=582
_yKatalog online BPK
942 _2UKD
_cKS
999 _c582
_d582